00778 2200277 4500001002100000005001700021008004100038020002100079035002500100040001200125082001600137084001800153100002600171245008600197250001100283260003100294300003200325500001100357504003100368650001000399700002500409850001200434990001800446990001800464990001800482INLIS00000000000557120150909092253.0  a978-979-25-477-3 a0010-051500000000704 aYOPDYOG 223a297.382 a297.382 Akh T aAKHMAD Muhaimin Azzet aTuntunan shalat fardhu & sunnahc/ Akhmad muhaimin; Editor, Rose Kusumaning Ratri aCet. 2 aSlemanbDarul Hikmahc2014 a204 hlm.b: ilus.c; 20 cm. aIndeks aBibliografi : hlm. 197-198 aSalat aROSE Kusumaningratri aYOPDYOG a13062-PD/B.15 a13063-PD/B.15 a13064-PD/B.15